Datum a čas kvízu
28
Celkem bodů
Celkový počet nahraných bodů na tomto kvízu bez doplňovacích otázek.
3.
Pořadí na kvízu
Konečné umístění týmu na tomto kvízu.
Zaznamenané odpovědi
| # | Otázka | Odpověď | Body | Výsledky |
|---|---|---|---|---|
| 1. | Který prezidentský kandidát se... | Karel Janeček | 1 | |
| 2. | Dvaasedmdesátiletou pacientku... | v Německu | 1 | |
| 3. | Minulý týden byla na seznam ne... | vorařství (plavení dřeva, dřevoplavba apod.) | 0 | |
| 4. | V úterý ráno detektivové z Nár... | Xixoio | 1 | |
| 5. | Jeden z favoritů mistrovství s... | Japonsko | 1 | |
| 6. | V tomto tématu se podíváme na... | 1A 2C 3D 4B | 0 | |
| 7. | V následujících slovech se na... | 1C 2A 3B 4D | 0 | |
| 8. | Podívejme se teď na místní jmé... | C | 0 | |
| 9. | V následujících slovech je vyn... | B | 0 | |
| 10. | Na závěr se podíváme na několi... | B | 1 |